Escritos : (Registro nro. 87)
[ vista simple ]
| 000 -LEADER | |
|---|---|
| fixed length control field | 02337nam a22001937a 4500 |
| 003 - CONTROL NUMBER IDENTIFIER | |
| control field | OSt |
| 005 - DATE AND TIME OF LATEST TRANSACTION | |
| control field | 20241220121221.0 |
| 008 - FIXED-LENGTH DATA ELEMENTS--GENERAL INFORMATION | |
| fixed length control field | 230926s2013 ag ||||| |||| 00| 0 spa d |
| 020 ## - INTERNATIONAL STANDARD BOOK NUMBER | |
| International Standard Book Number | 9789877020304 |
| 040 ## - CATALOGING SOURCE | |
| Transcribing agency | besoc |
| 100 1# - MAIN ENTRY--PERSONAL NAME | |
| Personal name | Grela H., Dante G |
| Relator term | autor |
| 245 1# - TITLE STATEMENT | |
| Title | Escritos : |
| Remainder of title | Serie música contemporánea / |
| Statement of responsibility, etc. | Dante G. Grela H. |
| 250 ## - EDITION STATEMENT | |
| Edition statement | 1a ed. |
| 260 ## - PUBLICATION, DISTRIBUTION, ETC. | |
| Place of publication, distribution, etc. | Rosario : |
| Name of publisher, distributor, etc. | UNR editora, |
| Date of publication, distribution, etc. | 2013 |
| 300 ## - PHYSICAL DESCRIPTION | |
| Extent | 287 p. |
| 505 ## - FORMATTED CONTENTS NOTE | |
| Formatted contents note | Introducción -- Prólogo -- A propósito de las tendencias actuales de la música -- fundamentación y proyecto de plan de trabajo para la enseñanza de la Composición en la Universidad - John Cage, compositor estadounidense -- Mi ubicación como compositor frente a las tendencias actuales de la creación musical -- El problema de la enseñanza de la composición y la formación del compositor --Situación de la música y el compositor contemporáneo en los países latinoamericanos -- Creación musical y tecnología -- Creación musical latinoamericana: difusión y pedagogía -- Presentación de la exposición de Juan Grela G. en el Museo Provincial de Bellas Artes de Santa Fe, Artes Rosa Galisteo de Rodríguez, de Santa Fe -- Reflexiones de la enseñanza de la composición -- La utilización de medios electroacústicos en la composición musical, ¿tiende a restar identidad a la expresión regional? -- Sobre el "Manual de Armonía" de Arnold Schönberg -- Palabras para la apertura del Congreso Latinoamericano de compositores e interpretes -- Creación musical y compositor en Latinoamérica -- Componer y enseñar Composición Musical: su interrelación a través de mi experiencia personal --Consonancia y disonancia -- Presentación para el catalogo de la exposición de aguafuertes de Juan Grela G. en "PetiteGalerie", de Rosario -- Los objetivos de la educación artística -- Planteo sintético de los principales aspectos que hacen a mi labor creativa -- La composición como oficio -- La música electroacústica dentro de mi producción como compositor -- El ejercicio de la reflexión teórica en el compositor -- Pedagogía de la Composición: la interrelación objetividad -- Subjetividad a través del planteo metodológico -- Cuestionario de Rosario 12 -- Sobre Juan Carlos Paz -- Las obras mixtas en mi trabajo compositivo.- |
| 650 #4 - SUBJECT ADDED ENTRY--TOPICAL TERM | |
| Topical term or geographic name entry element | Música |
| 942 ## - ADDED ENTRY ELEMENTS (KOHA) | |
| Source of classification or shelving scheme | Universal Decimal Classification |
| Koha item type | Libro de préstamo a domicilio |
| Suppress in OPAC | No |
| Withdrawn status | Lost status | Source of classification or shelving scheme | Damaged status | Not for loan | Collection | Home library | Current library | Date acquired | Total checkouts | Full call number | Barcode | Date last seen | Price effective from | Koha item type |
|---|---|---|---|---|---|---|---|---|---|---|---|---|---|---|
| Universal Decimal Classification | Colección General | Biblioteca Escuela de Ciencias Sociales | Biblioteca Escuela de Ciencias Sociales | 27/09/2023 | 78.02 G825 | 000322 | 27/09/2023 | 27/09/2023 | Libro de préstamo a domicilio |